| 000 | 00600ntaaa2200205 4500 | ||
|---|---|---|---|
| 003 | 01 | ||
| 005 | 20251027201721.0 | ||
| 008 | 0714s1973 ag 01 | ||
| 040 |
_aAR-BaBN _bspa _cAR-BaBN _eaacr _dRIC |
||
| 082 | _a234.1610 M33b | ||
| 100 |
_aMarcel, Pierre Ch _915747 |
||
| 245 | _aEl bautismo sacramento del pacto de gracia | ||
| 250 | _a1 ed. | ||
| 260 |
_aRijswijk : _bFundación editorial de literatura reformada, _c1968 |
||
| 300 | _a276 p | ||
| 500 | _aPosición de la iglesia reformada referente el bautismo | ||
| 650 |
_aiglesia reformada _914321 |
||
| 650 |
_abautismo _9285 |
||
| 942 | _cBK | ||
| 999 |
_c11851 _d11851 |
||